| 000 | 03162cjm a2200673 i 4500 | ||
|---|---|---|---|
| 001 | data | ||
| 005 | 20260322212123.0 | ||
| 007 | data | ||
| 008 | data | ||
| 035 | _a23420441 | ||
| 906 |
_a7 _bcbc _ccopycat _d2 _encip _f20 _gy-soundrec |
||
| 925 | 0 |
_aacquire _b2 shelf copies _xpolicy default |
|
| 010 | _a 2023887219 | ||
| 024 | 1 | _a030206212624 | |
| 028 | 0 | 2 |
_a302 062 126 2 _bFynsworth Alley |
| 033 | 0 |
_b4364 _cB9 |
|
| 035 | _a(OCoLC)698397273 | ||
| 040 |
_aZAE _beng _erda _cYUS _dDLC _dOCLCO _dOCLCA _dOCLCQ _dOCLCO _dOCLCA _dOCLCO _dDLC |
||
| 042 | _alccopycat | ||
| 045 | 0 | _bd1965 | |
| 050 | 0 | 0 | _aSDD 72843 |
| 100 | 1 |
_aRodgers, Richard, _d1902-1979, _ecomposer. |
|
| 245 | 1 | 0 |
_aDo I hear a waltz? : _bthe new recording / _c[music by Richard Rodgers ; lyrics by Stephen Sondheim ; book by Arthur Laurents, based on his play The time of the cuckoo]. |
| 264 | 1 |
_aUniversal City, CA : _bVarèse Sarabande, _bVarèse Sarabande, _c[2001] |
|
| 264 | 2 |
_a[United States?] : _bDistributed by Universal Music and Video Distribution |
|
| 264 | 4 | _c℗2001 | |
| 300 |
_a1 audio disc : _bdigital ; _c4 3/4 in. |
||
| 336 |
_aperformed music _bprm _2rdacontent |
||
| 337 |
_aaudio _bs _2rdamedia |
||
| 338 |
_aaudio disc _bsd _2rdacarrier |
||
| 344 |
_adigital _2rdatr |
||
| 344 |
_boptical _2rdarm |
||
| 344 |
_gstereo _2rdacpc |
||
| 347 |
_aaudio file _2rdaft |
||
| 347 | _bCD audio | ||
| 500 | _aStudio recording of the 2001 Pasadena Playhouse revival cast. | ||
| 500 | _aTitle from disc label. | ||
| 500 | _aOrchestrations by Ralph Burns and Steve Orich. | ||
| 500 | _aProgram notes by Theodore S. Chapin and synopsis by David Lee (8 unnumbered pages : illustrations) in container. | ||
| 505 | 0 | 0 |
_tFinale. _tSomeone woke up -- _tThis week Americans -- _tWhat do we do? We fly! -- _tHere we are again -- _tSomeone like you -- _tLezione in inglese -- _tThinking -- _tWe're going to the Lido -- _tNo understand -- _tTake the moment -- _tMoon in my window -- _tWe're gonna be all right -- _tDo I hear a waltz? -- _tStay -- _tPerfectly lovely couple -- _tEverybody loves Leona -- _tLast week Americans -- _tThank you so much ; _tFinale. |
| 508 | _aAlbum produced by Bruce Kimmel. | ||
| 511 | 0 | _aPasadena Playhouse cast, starring Alyson Reed and Anthony Crivello, with Jack Riley, Elmarie Wendel, Carol Lawrence, and other performers ; orchestra ; Steve Orich, conductor. | |
| 518 |
_oRecorded at _pO'Henry Studios, Burbank, CA. |
||
| 650 | 0 | _aMusicals. | |
| 650 | 7 |
_aMusicals. _2fast _0(OCoLC)fst01030814 |
|
| 655 | 7 |
_aMusicals. _2lcgft |
|
| 700 | 1 |
_aBurns, Ralph, _earranger of music. |
|
| 700 | 1 |
_aCrivello, Anthony, _d1955- _esinger. |
|
| 700 | 1 |
_aLaurents, Arthur, _elibrettist. |
|
| 700 | 1 |
_aLawrence, Carol, _d1932- _esinger. |
|
| 700 | 1 |
_aOrich, Steven, _earranger of music. _earranger of music. |
|
| 700 | 1 |
_aReed, Alyson, _esinger. |
|
| 700 | 1 |
_aRiley, Jack, _d1935-2016, _esinger. |
|
| 700 | 1 |
_aSondheim, Stephen, _elyricist. |
|
| 700 | 1 |
_aWendel, Elmarie, _esinger. |
|
| 700 | 1 |
_iMusical theatre adaptation of (work): _aLaurents, Arthur. _tTime of the cuckoo. |
|
| 710 | 2 |
_aPasadena Playhouse, _eperformer. |
|
| 999 |
_c1886 _d1886 |
||